Beneficios y costos de la integración económica centroamericana /

Análisis de los países en vías de desarrollo y sus economías dependientes de las exportaciones de materias primas. Contribución metodológica sobre los países en vías de desarrollo cuyas economías son dependientes de las materias primas que exportan y de las fluctuaciones de precios con los países co...

詳細記述

保存先:
書誌詳細
第一著者: Cline, William R.
団体著者: SIECA
その他の著者: Rapoport, Allan I., Siri, Gabriel, García Marenco, Iván, Bobadilla, Horacio
フォーマット: テキスト
出版事項: Guatemala: SIECA
主題:
タグ: タグ追加
タグなし, このレコードへの初めてのタグを付けませんか!

MARC

LEADER 00000 a a2200000 04500
001 19571
003
040
090 |a 077705  
100 1 |a Cline, William R.  
110 |a SIECA  
245 |a Beneficios y costos de la integración económica centroamericana /  |c William R. Cline  
260 |a Guatemala:   |b SIECA  
300 |a v.2  
520 |a Análisis de los países en vías de desarrollo y sus economías dependientes de las exportaciones de materias primas. Contribución metodológica sobre los países en vías de desarrollo cuyas economías son dependientes de las materias primas que exportan y de las fluctuaciones de precios con los países con los cuales comercian. /ALLV  
650 |a PAISES EN DESARROLLO  
650 |a METODOLOGIA  
700 |a Rapoport, Allan I.  
700 |a Siri, Gabriel  
700 |a García Marenco, Iván  
700 |a Bobadilla, Horacio  
999 |c 11311  |d 11311